000 00972nam a22003017a 4500
003 DO-SdBPM
005 20251128131108.0
007 ta
008 230612b2018 dr ||||| |||| 00| 0 spa d
020 _a9789945466386
040 _aDO-SdBPM
_bspa
_cBPMSU
_erda
_d
041 _hspa
082 4 _aRD861.3
_bA414d 2018
_222
100 1 _aAlix, Juan Antonio,
_d1833-1918
_eautor
245 1 0 _aDécimas populares /
_cJuan Antonio Alix ; compilación, Tomás Castro Burdiez
264 _aSanto Domingo :
_bFundación para la Educación y el Arte,
_c2018
300 _a32 páginas ;
_c22 cm.
336 _2rdacontent
_atexto
_btxt
337 _2rdamedia
_asin mediación
_bn
338 _2rdacarrier
_avolumen
_bnc
590 _aInventariado 2025/VM
650 7 _aPoesía dominicana
650 7 _aLiteratura dominicana
650 z _aDominican poetry
700 1 _aCastro Burdiez, Tomás,
_ecompilación
910 _a VMateo V. Control de calidad BPMSU
942 _2ddc
_cBK
999 _c15550
_d15550